000 00470nam a2200181Ia 4500
001 3284
005 20260306145632.0
008 260306t1988||||xx |||||||||||||| ||spa||
041 _aESP
082 _a262.91
_bP77
100 _aPontificia Comisión Iustitia et Pax
_eAUT
245 0 _aLa iglesia ante el racismo:
_bpara una sociedad mas fraterna
260 _c1988
300 _a44 páginas :
_c17 cm.
650 _aGEN
654 _aCHU
942 _cLIB
_dJUS
_fJUS
_2ddc
_n
999 _c3284
_d3284